Glossary: Erasmus course - Marketing in English Academic Year 2015/2016 Winter

Enregistré dans:
Détails bibliographiques
Auteur principal: Oreský, Milan, 1956-
Collectivité auteur: Ekonomická univerzita v Bratislave
Format: Livre
Langue:anglais
Publié: Bratislava [University of Economics in Bratislava] 2016
Édition:1st Edition
Sujets:
Tags: Ajouter un tag
Pas de tags, Soyez le premier à ajouter un tag!

MARC

LEADER 00000nlm a2200000 4500
001 0268304
005 20240822101711.8
041 0 |a eng 
044 |a SK 
245 1 0 |a Glossary: Erasmus course - Marketing in English  |b Academic Year 2015/2016 Winter  |c Milan Oreský 
250 |a 1st Edition 
264 1 |a Bratislava  |b [University of Economics in Bratislava]  |c 2016 
300 |a [21 s.] 
610 2 0 |a pojmy 
610 2 0 |a vzdelávanie vysokoškolské 
610 2 0 |a angličtina 
610 2 0 |a marketing 
100 1 |a Oreský, Milan, 1956- 
710 2 |a Ekonomická univerzita v Bratislave